[Event "Frankfurt-ch"]
[Site "Frankfurt"]
[Date "2007.06.11"]
[Round "6"]
[White "Meiser, Nicolas"]
[Black "Wenzel, Bernd"]
[Result "0-1"]
[WhiteElo "1214"]
[BlackElo "1481"]
[PlyCount "120"]
[EventDate "2007.04.30"]
[EventType "swiss"]
[EventRounds "7"]
[EventCountry "GER"]
[SourceTitle "EXT 2008"]
[Source "ChessBase"]
[SourceDate "2007.11.25"]
[SourceVersion "1"]
[SourceVersionDate "2007.11.25"]
[SourceQuality "1"]

1. d4 e6 2. e3 d5 3. Nf3 Nf6 4. Bd3 Be7 5. Nbd2 g6 6. 0-0 Bd6 7. c3 0-0 8. e4 dxe4 9. Nxe4 Nxe4 10. Bxe4 f5 11. Bd3 Nc6 12. Bh6 Re8 13. Qb3 Bf8 14. Bg5 Be7 15. Bd2 Kg7 16. Rfe1 Bf6 17. Bc4 Na5 18. Qa4 Nxc4 19. Qxc4 b6 20. Bf4 Re7 21. Ne5 Bb7 22. Nc6 Bxc6 23. Qxc6 Qe8 24. Qc4 Rc8 25. Be5 c5 26. Bxf6+ Kxf6 27. Re5 cxd4 28. Qxd4 Kf7 29. Rae1 Rd8 30. Qh4 Kg7 31. Qf4 h6 32. h3 Rd5 33. Qc4 Kf6 34. Rxd5 exd5 35. Rxe7 Qxe7 36. Qd4+ Qe5 37. f4 Qxd4+ 38. cxd4 h5 39. h4 Ke6 40. Kf2 a5 41. a4 Kd6 42. Ke3 Kc6 43. Kd3 b5 44. axb5+ Kxb5 45. Kc3 a4 46. b3 a3 47. Kc2 Kb4 48. g3 a2 49. Kb2 a1Q+ 50. Kxa1 Kxb3 51. Kb1 Kc3 52. Kc1 Kxd4 53. Kd2 Ke4 54. Kc3 d4+ 55. Kc4 d3 56. Kc5 d2 57. Kd6 d1Q+ 58. Ke6 Qg4 59. Kf6 Qxg3 60. Kg7 Kxf4 0-1

[Event "Hessen-ch Seniors"]
[Site "Offenbach"]
[Date "2005.03.30"]
[Round "4"]
[White "Desor, Helmut"]
[Black "Wenzel, Bernd"]
[Result "1/2-1/2"]
[WhiteElo "1586"]
[BlackElo "1577"]
[PlyCount "20"]
[EventDate "2005.03.28"]
[EventType "swiss"]
[EventRounds "7"]
[EventCountry "GER"]
[SourceTitle "EXT 2006"]
[Source "ChessBase"]
[SourceDate "2005.11.24"]
[SourceVersion "1"]
[SourceVersionDate "2005.11.24"]
[SourceQuality "1"]

1. e4 d6 2. d4 f5 3. Nc3 Nf6 4. Bd3 fxe4 5. Nxe4 Nxe4 6. Bxe4 g6 7. Nf3 Bg4 8. Bxb7 Nd7 9. Bxa8 Qxa8 10. 0-0 Bg7 1/2-1/2

[Event "Hessen-ch Seniors"]
[Site "Offenbach"]
[Date "2005.03.28"]
[Round "1"]
[White "Wenzel, Bernd"]
[Black "Storkebaum, Karl Heinrich"]
[Result "0-1"]
[WhiteElo "1577"]
[BlackElo "2023"]
[PlyCount "102"]
[EventDate "2005.03.28"]
[EventType "swiss"]
[EventRounds "7"]
[EventCountry "GER"]
[SourceTitle "EXT 2006"]
[Source "ChessBase"]
[SourceDate "2005.11.24"]
[SourceVersion "1"]
[SourceVersionDate "2005.11.24"]
[SourceQuality "1"]

1. f4 d5 2. Nf3 c5 3. e3 e6 4. g3 Nf6 5. Bg2 Nc6 6. a3 Be7 7. 0-0 0-0 8. Ne5 Qb6 9. Kh1 Nd7 10. Nxc6 bxc6 11. Nc3 Nf6 12. Ne2 c4 13. Bf3 Rb8 14. Rb1 Bxa3 15. b4 Bxc1 16. Qxc1 Bd7 17. c3 a5 18. Qa3 Ra8 19. Qc1 Qc7 20. Nd4 axb4 21. cxb4 Rfb8 22. Qc3 Ra4 23. Rb2 e5 24. fxe5 Qxe5 25. Rfb1 Rba8 26. b5 cxb5 27. Nxb5 Qf5 28. Nd4 Qe5 29. Kg2 Ne4 30. Qc2 Nc5 31. Rb4 Ra2 32. R1b2 Rxb2 33. Rxb2 Nd3 34. Rb1 h5 35. Qc3 Ra2 36. Ra1 Rxa1 37. Qxa1 Kh7 38. Qc3 Bg4 39. Kf1 Bxf3 40. Nxf3 Qxc3 41. dxc3 f6 42. Ke2 Kg6 43. Kd2 Kf5 44. h3 g5 45. Ke2 g4 46. hxg4+ Kxg4 47. Nd2 Kxg3 48. e4 Kg2 49. exd5 Nf4+ 50. Ke3 Nxd5+ 51. Kd4 Nxc3 0-1